| 000 | 00760nam a22001577a 4500 | ||
|---|---|---|---|
| 003 | OSt | ||
| 005 | 20150930095126.0 | ||
| 008 | 150930b xxu||||| |||| 00| 0 eng d | ||
| 040 | _cRUA | ||
| 082 | _aAGR PEN 2011 B047 Or.1 | ||
| 100 |
_91587 _aPENG, ENGLEANG. |
||
| 245 | _aA study on establishment of phka romeat rice variety in rainy season at royal university of agriculture (សិក្សាពីឥទ្ធិពលនៃបច្ចេកទេសដាំដុះស្រូវផ្ការមៀតក្នុងលក្ខខណ្ឌរដូវវស្សានៅសាកលវិទ្យាល័យភូមិន្ទកសិកម្ម) | ||
| 260 |
_aPhnom Penh _bRUA _c2011 |
||
| 300 |
_axi, 54p. _bill. _c29cm. |
||
| 942 |
_2ddc _cAGR |
||
| 999 |
_c1498 _d1498 |
||